[Event "Alicante Dama Negra 4th"]
[Site "Alicante"]
[Date "2023.12.27"]
[Round "3"]
[White "Gonzalez Salazar, Iker"]
[Black "Exposito Milan, Adrian"]
[Result "0-1"]
[WhiteElo "1852"]
[BlackElo "2073"]
[PlyCount "108"]
[EventDate "2023.12.26"]
[EventType "swiss"]
[EventRounds "9"]
[EventCountry "ESP"]
[SourceTitle "CB01_2024"]
[SourceDate "2024.01.03"]
[SourceVersion "1"]
[SourceVersionDate "2024.01.03"]
[SourceQuality "1"]

1. e4 c5 2. Nc3 Nc6 3. g3 g6 4. Bg2 Bg7 5. d3 d6 6. Be3 Rb8 7. Qd2 b5 8. Nge2 b4 9. Nd1 Nd4 10. 0-0 h5 11. h3 e6 12. c3 Nxe2+ 13. Qxe2 Ne7 14. Qd2 bxc3 15. bxc3 Ba6 16. Re1 0-0 17. f4 Qc7 18. Nf2 d5 19. d4 Qa5 20. g4 hxg4 21. hxg4 Rfc8 22. Rac1 Qa3 23. Rb1 Bc4 24. f5 Qxa2 25. Qxa2 Bxa2 26. Ra1 cxd4 27. cxd4 Rc2 28. Bf3 Bc4 29. fxe6 fxe6 30. Rxa7 Nc6 31. Rc7 Nb4 32. Rb1 Rc3 33. Nd1 Rxe3 34. Rxg7+ Kxg7 35. Nxe3 Bd3 36. Rb3 dxe4 37. Bg2 Kf6 38. Kf2 Rb5 39. Kg3 Nd5 40. Rxb5 Bxb5 41. Nc2 Bd3 42. Ne1 Kg5 43. Bh3 Nf4 44. Bg2 Ne2+ 45. Kf2 Nxd4 46. Nxd3 exd3 47. Ke3 Nc2+ 48. Kd2 Kxg4 49. Be4 g5 50. Kxd3 Nb4+ 51. Kd4 Kf4 52. Bg2 g4 53. Kc5 Nd3+ 54. Kd4 Ne1 0-1